1160 1160 1962 1401 1731 1514 1303 1741 1102 1114 1315 1615 1903 1281 1240 1882 1657 1906 1703 1921 1640 1672 1139 1468 1872 1292 1150 1219 1198 1626 1365 1840 1550 1640 1052 1688 1997 1635 1773 1377 1684 1832 1578 1887 1552 1215 1019 1939 1801 1824 1139 1546 1872 1271 1282 1289 1319 1800 1171 1673 1198 1639 1944 1788 1156 1599 1123 1432 1324 1639 1352 1573 1048 1568 1057 1943 1129 1474 1160 1819 1874 1613 1562 1991 1748 1493 1558 1773 1437 1827 1582 1751 1351 1785 1486 1828 1020 1356 1484 BCNSPRNW ULIB Ver.6.0+V

เปลี่ยนเป็นภาษาไทย

Change to English
 แสดงรายละเอียดบรรณานุกรม
  กลับหน้าหลัก

Brief Record : Get Marc (ISO 2709) : E-mail record : QR code < ปิดหน้าต่าง
LEADER : 00000nam 2200000uu 4500
001    13399113799
003     ULIB
008    120105s2549||||th 000 0 tha d
020    ^a9789749869635
050 04 ^aA^bน624W 2549
100 0  ^aนิภาพัชร์ ปิ่นสุวรรณ
245 10 ^aWhere? รู้รอบสถานที่มหัศจรรย์ของโลก /^cนิภาพัชร์ ปิ่นสุวรรณ
250    ^aพิมพ์ครั้งที่ 1
260    ^aกรุงเทพฯ :^bอักษรเจริญทัศน์,^c2549
300    ^a191 หน้า :^bภาพประกอบ
440  0 ^aหนังสือเสริมการเรียนรู้ ชุด สรรพ์สาระของโลก
650  7 ^aโลก^xภูมิประเทศและการท่องเที่ยว
650  7 ^aความรู้ทั่วไป
945    ^p170^l0^i24860
995    ^aกัณชพร
999    ^aใช้งานได้ทุกระบบ
รายการนี้ยังไม่มีแท็ก
คุณยังไม่ได้ล็อกอิน คุณสามารถมีกิจกรรมร่วมกับเว็บไซต์ได้ แต่ต้องล็อกอินก่อน ::
  ล็อกอิน

รายการสื่อสารสนเทศ

ลำดับที่ ประเภท เลขเรียก/บาร์โค้ด สถานที่ สถานะ
- ไม่พบข้อมูล -

รายการใกล้เคียง
    ผู้แต่ง [นิภาพัชร์ ปิ่นสุวรรณ]

    หัวเรื่อง [ความรู้ทั่วไป]

BibComment


ยังไม่เคยถูกคอมเมนท์

คอมเมนท์ทรัพยากรรายการนี้
  คอมเมนท์: Where รู้รอบสถาน..


 Copyright 2026. Bcnsprnw @Library